[Event "Munich WGP 2023"]
[Site "Munich GER"]
[Date "2023.02.06"]
[Round "5"]
[White "Harika,D"]
[Black "Kosteniuk,A"]
[Result "1/2-1/2"]
[WhiteElo "2507"]
[BlackElo "2519"]
[EventDate "2023.02.02"]

1. d4 d5 2. c4 c6 3. cxd5 cxd5 4. Bf4 Nc6 5. e3 Nf6 6. Nc3 Bf5 7. Nf3 e6 8.
Qb3 Bb4 9. Ne5 O-O 10. Nxc6 Bxc3+ 11. Qxc3 bxc6 12. Qa3 Nd7 13. Rc1 Qb6 14.
Be2 Rfe8 15. O-O e5 16. dxe5 Nxe5 17. Rfe1 Re6 18. Qc3 Nd7 19. Red1 h6 20.
b4 Nf6 21. a4 Ne4 22. Qd4 Qb7 23. b5 Rd8 24. f3 Nf6 25. e4 Bg6 26. bxc6
Rxc6 27. Rxc6 Qxc6 28. Be5 a5 29. Bb5 Qc2 30. Rd2 Qc1+ 31. Rd1 Qc2 32. Re1
Nh5 33. exd5 f6 34. Bg3 Nxg3 35. hxg3 Qc7 36. Rd1 Rd6 37. Bc6 Rd8 38. Kh2
Bf7 39. Qc5 Rd6 40. Qb5 Rd8 41. Qb7 Qd6 42. Qb6 Rb8 43. Qxa5 Rb4 44. Kh1 h5
45. Rc1 Rb2 46. Qc3 Rf2 47. f4 h4 48. Kg1 hxg3 49. Qxg3 Rxf4 50. Rc3 Qb4
51. Rf3 Qb1+ 52. Kh2 Qh7+ 53. Kg1 Qb1+ 54. Kh2 Qh7+ 55. Kg1 1/2-1/2

[Event "Munich WGP 2023"]
[Site "Munich GER"]
[Date "2023.02.06"]
[Round "5"]
[White "Dzagnidze,N"]
[Black "Koneru,H"]
[Result "1/2-1/2"]
[WhiteElo "2517"]
[BlackElo "2572"]
[EventDate "2023.02.02"]

1. c4 e5 2. Nc3 Bb4 3. Qc2 Nf6 4. a3 Bxc3 5. Qxc3 O-O 6. e3 Re8 7. b4 d5 8.
cxd5 Nxd5 9. Qc2 Nc6 10. d3 a5 11. bxa5 Rxa5 12. Be2 Qd6 13. Nf3 Rc5 14.
Qd2 Nc3 15. Bb2 Nxe2 16. Qxe2 Bg4 17. O-O Rd5 18. h3 Bxf3 19. Qxf3 Rxd3 20.
a4 Rd8 21. Qg4 Qd7 22. Qh4 Qd5 23. Rfc1 h6 24. Qg4 Qe6 25. Qxe6 fxe6 26. a5
Rb3 27. Rxc6 bxc6 28. Bxe5 Ra8 29. a6 Rb5 30. Bxc7 Ra7 31. f4 Kf7 32. Kf2
g6 33. Kf3 Ke7 34. g4 c5 35. h4 Kd7 36. Be5 Kc6 37. h5 gxh5 38. gxh5 Rb6
39. Rg1 Kb5 1/2-1/2

[Event "Munich WGP 2023"]
[Site "Munich GER"]
[Date "2023.02.06"]
[Round "5"]
[White "Muzychuk,M"]
[Black "Kashlinskaya,A"]
[Result "0-1"]
[WhiteElo "2523"]
[BlackElo "2491"]
[EventDate "2023.02.02"]

1. e4 e5 2. Nf3 Nc6 3. Bc4 Nf6 4. d3 d5 5. exd5 Nxd5 6. h3 Be7 7. O-O Nb6
8. Bb3 a5 9. a3 Qd6 10. Re1 a4 11. Ba2 Be6 12. Bxe6 Qxe6 13. Qe2 O-O 14.
Nxe5 Nd4 15. Qd1 Rae8 16. Nd2 Bf6 17. Nef3 Nxf3+ 18. Nxf3 Qd5 19. Nd2 Be5
20. Ne4 Re6 21. Ng5 Ree8 22. c3 h6 23. Nf3 Bd6 24. Be3 c5 25. c4 Qf5 26.
Rc1 Re6 27. d4 Rfe8 28. dxc5 Bxc5 29. Nd4 Bxd4 30. Qxd4 Rg6 31. Kh1 Kh7 32.
Red1 Qe6 33. Rd3 Re7 34. f3 Rd7 35. Qc3 Rxg2 36. Kxg2 Qg6+ 37. Kf2 Rxd3 38.
Qe5 Nd7 39. Qf4 Qe6 40. Rg1 g5 41. Qe4+ Qxe4 42. fxe4 Ne5 43. Ke2 Rb3 44.
Bd4 Nf3 45. Rd1 Nxd4+ 46. Rxd4 Rxb2+ 47. Kf1 Rb3 48. Rd7 Kg6 49. Kg2 Kf6
50. c5 h5 51. Rc7 h4 52. c6 bxc6 53. Rxc6+ Kg7 54. Rc5 f6 55. e5 fxe5 56.
Rxe5 Kf6 57. Ra5 Rxa3 58. Kh2 Kg6 59. Ra8 Kf5 60. Rf8+ Ke4 61. Re8+ Kf3 62.
Rf8+ Ke2 63. Ra8 Ra2 64. Ra5 Kf3+ 65. Kg1 g4 66. hxg4 Kg3 67. Kf1 h3 0-1

[Event "Munich WGP 2023"]
[Site "Munich GER"]
[Date "2023.02.08"]
[Round "6"]
[White "Kashlinskaya,A"]
[Black "Muzychuk,A"]
[Result "1/2-1/2"]
[WhiteElo "2491"]
[BlackElo "2522"]
[EventDate "2023.02.02"]

1. d4 d5 2. c4 dxc4 3. Nf3 Nf6 4. e3 e6 5. Bxc4 c5 6. O-O a6 7. b3 Nbd7 8.
Bb2 Be7 9. dxc5 Bxc5 10. Nbd2 b6 11. Bd3 Bb7 12. Ng5 Be7 13. Qe2 Nc5 14.
Bc2 h6 15. Ngf3 O-O 16. Rfd1 Qb8 17. Ne5 Rd8 18. Ndc4 b5 19. Na5 Qc7 20.
Nxb7 Qxb7 21. Qf3 Qxf3 22. Nxf3 Nd5 23. a3 Bf6 24. Bxf6 Nxf6 25. b4 Na4 26.
Kf1 Nb2 27. Rxd8+ Rxd8 28. Nd4 Nd5 29. Be4 Nc4 30. Bxd5 Rxd5 31. a4 e5
1/2-1/2

[Event "Munich WGP 2023"]
[Site "Munich GER"]
[Date "2023.02.08"]
[Round "6"]
[White "Wagner,Dinara"]
[Black "Koneru,H"]
[Result "1/2-1/2"]
[WhiteElo "2414"]
[BlackElo "2572"]
[EventDate "2023.02.02"]

1. d4 d5 2. c4 e6 3. Nc3 Nf6 4. Bg5 Bb4 5. e3 h6 6. Bh4 g5 7. Bg3 Ne4 8.
Nge2 h5 9. h4 Nxg3 10. Nxg3 gxh4 11. Nxh5 Qg5 12. g4 hxg3 13. Qf3 Ke7 14.
Nxg3 Rxh1 15. Qxh1 Nd7 16. O-O-O Bxc3 17. bxc3 Nf6 18. Bd3 dxc4 19. Bxc4
Rb8 20. Rg1 Bd7 21. Kb2 Bc6 22. Qh3 Rg8 23. Ne2 Qf5 24. Qxf5 exf5 25. Rxg8
Nxg8 26. Ng3 Nh6 27. Be2 Kf6 28. f4 Be4 29. c4 c6 30. Kc3 Ke6 31. Bf1 Ng4
32. Bh3 Nf2 33. Bf1 Bb1 34. Kb2 Bd3 35. Bxd3 Nxd3+ 36. Kc3 Nf2 37. Nf1 Ne4+
38. Kd3 b5 39. cxb5 cxb5 40. Nh2 a5 41. Nf3 f6 42. Nd2 Nd6 43. Nb3 Nb7 44.
a3 Kd5 45. Nc1 Nd6 46. Na2 Kc6 47. Nc3 a4 48. Na2 Nc4 49. Nb4+ Kd6 50. Nc2
Nb6 51. Nb4 Nc4 52. Nc2 Nb6 53. Nb4 Nc4 1/2-1/2

[Event "Munich WGP 2023"]
[Site "Munich GER"]
[Date "2023.02.08"]
[Round "6"]
[White "Paehtz,E"]
[Black "Muzychuk,M"]
[Result "1/2-1/2"]
[WhiteElo "2464"]
[BlackElo "2523"]
[EventDate "2023.02.02"]

1. e4 e5 2. Nf3 Nc6 3. Nc3 Nf6 4. d4 exd4 5. Nxd4 Bb4 6. Nxc6 bxc6 7. Bd3
O-O 8. O-O Re8 9. Bg5 h6 10. Bh4 g5 11. Bg3 Bxc3 12. bxc3 Nxe4 13. Qh5 d6
14. f4 Bf5 15. fxg5 Bg6 16. Qxh6 Qxg5 17. Qxg5 Nxg5 18. Bh4 Ne4 19. c4 Re6
20. Rae1 Rae8 21. Re3 Nc5 22. Rh3 Nxd3 23. cxd3 Re3 24. Rff3 Rxf3 25. Rxf3
Re2 26. Bf6 c5 27. Rh3 Bh7 28. Rg3+ Bg6 29. Rh3 Bh7 30. Rg3+ Bg6 31. Rh3
1/2-1/2

[Event "Munich WGP 2023"]
[Site "Munich GER"]
[Date "2023.02.08"]
[Round "6"]
[White "Kosteniuk,A"]
[Black "Abdumalik,Z"]
[Result "1/2-1/2"]
[WhiteElo "2519"]
[BlackElo "2496"]
[EventDate "2023.02.02"]

1. e4 c6 2. d4 d5 3. e5 Bf5 4. g4 Be4 5. f3 Bg6 6. h4 h5 7. e6 Qd6 8. exf7+
Kxf7 9. g5 e5 10. Ne2 Ne7 11. Bh3 Bf5 12. Bxf5 Nxf5 13. dxe5 Qxe5 14. Bf4
Qe6 15. Qd2 g6 16. Nbc3 Bg7 17. O-O-O d4 18. Ne4 Qxa2 19. Qb4 b6 20. Nxd4
Na6 21. Qb3+ Qxb3 22. Nxb3 Rad8 23. c3 c5 24. Kc2 Nb8 25. Nbd2 Nc6 26. Nc4
Rxd1 27. Rxd1 Rd8 28. Ned6+ Nxd6 29. Nxd6+ Ke6 30. Re1+ Kd7 31. Rd1 Ke6 32.
Re1+ Kd7 33. Nc4 Rf8 34. Re4 b5 35. Ne3 Nd8 36. Nd5 Ne6 37. b3 Rf5 38. c4
b4 39. Kd3 Bc3 40. Ke3 1/2-1/2

[Event "Munich WGP 2023"]
[Site "Munich GER"]
[Date "2023.02.08"]
[Round "6"]
[White "Zhu,Jiner"]
[Black "Dzagnidze,N"]
[Result "1/2-1/2"]
[WhiteElo "2486"]
[BlackElo "2517"]
[EventDate "2023.02.02"]

1. e4 c6 2. d4 d5 3. e5 c5 4. Nf3 cxd4 5. Nxd4 Nc6 6. c4 e6 7. Nc3 Bb4 8.
Nxc6 bxc6 9. Bd3 Ne7 10. cxd5 Qxd5 11. O-O Qxe5 12. Re1 Qa5 13. Bd2 Ng6 14.
Qf3 Bb7 15. a3 Be7 16. Rad1 O-O 17. Ne4 Qc7 18. Qh5 c5 19. Ng5 Bxg5 20.
Bxg5 Qc6 21. Qh3 Rab8 22. Rd2 c4 23. Be4 Qb5 24. Bxg6 hxg6 25. Qh4 Rbc8 26.
Be7 Rfe8 27. Bb4 a5 28. Bc3 f6 29. Red1 Bd5 30. Re1 Kf7 31. h3 Re7 32. Red1
Ree8 33. Re1 a4 34. f3 e5 35. Red1 Rcd8 36. Kh1 Rd7 37. Qe1 Red8 38. Qe3 g5
39. Kg1 Be6 40. Rxd7+ Rxd7 41. Rxd7+ Qxd7 42. Qd2 Qc6 43. Bb4 Bd5 44. Qe3
Kg6 45. Kf2 Qe6 46. Qc5 e4 47. Qe7 Qb6+ 48. Qc5 Qb7 49. Qe7 Qb6+ 50. Qc5
Qxc5+ 51. Bxc5 exf3 52. gxf3 Kh5 53. Bf8 g6 54. Kg3 f5 55. Bb4 Be6 56. Be1
1/2-1/2

[Event "Munich WGP 2023"]
[Site "Munich GER"]
[Date "2023.02.08"]
[Round "6"]
[White "Tan Zhongyi"]
[Black "Harika,D"]
[Result "1/2-1/2"]
[WhiteElo "2530"]
[BlackElo "2507"]
[EventDate "2023.02.02"]

1. d4 d5 2. c4 e6 3. Nf3 c5 4. cxd5 exd5 5. Nc3 Nf6 6. Bg5 Be6 7. Bxf6 Qxf6
8. e4 dxe4 9. Nxe4 Qf4 10. Nfg5 c4 11. Qd2 Qxd2+ 12. Nxd2 Nc6 13. Nxe6 fxe6
14. Bxc4 Nxd4 15. O-O Bb4 16. Rfd1 Ke7 17. Bd3 Rac8 18. Nc4 Rhd8 19. Rab1
b5 20. Ne5 Bd6 21. Nf3 Nxf3+ 22. gxf3 Rc5 23. Kf1 Rh5 24. Ke2 b4 25. Rh1
Bf4 26. Rbd1 Rhd5 27. h4 h5 28. b3 R8d6 29. Rhe1 Rd4 30. Bc4 Bd2 31. Rh1
Kf6 32. Rh3 a5 33. Rhh1 Rd8 34. Rh3 e5 35. Rhh1 R8d6 36. Rh3 Ke7 37. Rhh1
Rd7 38. Bb5 Rd8 39. Bc4 R8d6 40. Bb5 Kf6 41. Bc4 g6 42. Bb5 Kg7 43. Rhg1
Kh6 44. Be8 g5 45. hxg5+ Bxg5 46. Rxd4 exd4 47. Bb5 Rf6 48. Bd3 Rc6 49. Be4
Rc1 1/2-1/2

[Event "Munich WGP 2023"]
[Site "Munich GER"]
[Date "2023.02.09"]
[Round "7"]
[White "Dzagnidze,N"]
[Black "Kashlinskaya,A"]
[Result "1-0"]
[WhiteElo "2517"]
[BlackElo "2491"]
[EventDate "2023.02.02"]

1. d4 Nf6 2. c4 g6 3. Nc3 Bg7 4. e4 d6 5. h3 O-O 6. Be3 e5 7. d5 Na6 8. Nf3
Nc5 9. Nd2 a5 10. Be2 Bd7 11. Qc2 a4 12. a3 Ne8 13. g4 f5 14. exf5 gxf5 15.
O-O-O Qh4 16. Rdf1 Kh8 17. Kb1 Ra6 18. g5 f4 19. Bxc5 Bf5 20. Bd3 Bxd3 21.
Qxd3 dxc5 22. Nde4 Ra5 23. Qf3 Nd6 24. Nxd6 cxd6 25. Qg4 Qxg4 26. hxg4 f3
27. Re1 Kg8 28. Rh3 Raa8 29. Kc2 Rf4 30. Re4 Rf7 31. Kd3 Bf8 32. Re3 Rf4
33. Re4 Rf7 34. Re3 Rf4 35. Ne4 Be7 36. Rexf3 Rxg4 37. Rh6 Ra6 38. Re6 Bxg5
39. Rf5 h6 40. Nxd6 Rd4+ 41. Kc3 Bd2+ 42. Kc2 Bf4 43. Nxb7 Rxc4+ 44. Kb1
Rc1+ 45. Ka2 Rxe6 46. dxe6 Bg5 47. Nd6 Rd1 48. Rxg5+ Kf8 49. Rg8+ 1-0

[Event "Munich WGP 2023"]
[Site "Munich GER"]
[Date "2023.02.09"]
[Round "7"]
[White "Muzychuk,A"]
[Black "Paehtz,E"]
[Result "1/2-1/2"]
[WhiteElo "2522"]
[BlackElo "2464"]
[EventDate "2023.02.02"]

1. e4 c5 2. Nf3 d6 3. d4 cxd4 4. Nxd4 Nf6 5. Nc3 a6 6. f3 e5 7. Nb3 Be6 8.
Be3 h5 9. Qd2 Nbd7 10. Nd5 Bxd5 11. exd5 Qc7 12. O-O-O g6 13. Kb1 Bg7 14.
Rg1 O-O 15. Qf2 b5 16. g4 Rfb8 17. g5 Ne8 18. c3 a5 19. Nd2 Nb6 20. Ne4 Nc4
21. Bxc4 Qxc4 22. Qf1 a4 23. a3 Rb7 24. Rg2 Qxf1 25. Rxf1 Rc8 26. Rc1 Rc4
27. Nd2 Rc8 28. Ne4 Rc4 29. Nd2 Rc8 30. Ne4 Rc4 1/2-1/2

[Event "Munich WGP 2023"]
[Site "Munich GER"]
[Date "2023.02.09"]
[Round "7"]
[White "Muzychuk,M"]
[Black "Kosteniuk,A"]
[Result "1/2-1/2"]
[WhiteElo "2523"]
[BlackElo "2519"]
[EventDate "2023.02.02"]

1. e4 e5 2. Nf3 Nc6 3. Bc4 Bc5 4. O-O Nf6 5. d3 O-O 6. h3 d5 7. exd5 Nxd5
8. Re1 Be6 9. c3 a5 10. Bb5 Na7 11. Ba4 b5 12. Bc2 Nc6 13. d4 exd4 14. Qd3
g6 15. Qxb5 Qd6 16. Nbd2 Rab8 17. Qf1 Ne3 18. fxe3 dxe3 19. Kh1 exd2 20.
Nxd2 f5 21. Nc4 Qd7 22. Bh6 Rfd8 23. Bb3 Bd5 24. Bg5 f4 25. Kh2 f3 26. gxf3
Qf5 27. Bxd8 Qf4+ 28. Kg2 Rxd8 29. Rad1 a4 30. Bxa4 Bxc4 31. Rxd8+ Nxd8 32.
Qxc4+ Qxc4 33. Bb3 Qxb3 34. axb3 Kf7 35. b4 Bd6 36. h4 Ne6 37. Rd1 Nf4+ 38.
Kf2 Ke6 39. Rd4 Be5 40. Rd1 Bf6 41. Kg3 Ne2+ 42. Kf2 Nf4 43. Kg3 Ne2+ 44.
Kf2 1/2-1/2

[Event "Munich WGP 2023"]
[Site "Munich GER"]
[Date "2023.02.09"]
[Round "7"]
[White "Harika,D"]
[Black "Wagner,Dinara"]
[Result "1/2-1/2"]
[WhiteElo "2507"]
[BlackElo "2414"]
[EventDate "2023.02.02"]

1. Nf3 d5 2. g3 c5 3. Bg2 Nc6 4. O-O Nf6 5. d3 g6 6. Nc3 Bg7 7. e4 O-O 8.
h3 h6 9. Nxd5 Nxd5 10. exd5 Qxd5 11. Be3 Qd6 12. Nd2 b6 13. Nc4 Qd7 14. a4
Rb8 15. Qd2 Kh7 16. f4 Bb7 17. Kh2 Nd4 18. Bxb7 Qxb7 19. Bxd4 cxd4 20. f5
gxf5 21. Rxf5 e6 22. Rf2 Qd5 23. Qe2 Rbc8 24. Raf1 Rc7 25. b3 Kg8 26. Rf4
f5 27. Qg2 Qc5 28. Qe2 Qd5 29. g4 Rcf7 30. Qg2 Qc5 31. gxf5 exf5 32. Kh1 a6
33. Re1 Kh8 34. Re6 Rf6 35. Re5 Qc7 36. Qf3 Rg6 37. Re2 b5 38. axb5 axb5
39. Nd2 Qxc2 40. Nf1 Qxb3 41. Rxf5 Rg8 42. Re7 Qa3 43. Rff7 Qc1 44. h4 b4
45. Qe4 Qc6 46. Qxc6 Rxc6 47. Rb7 Rc3 48. Rxb4 Rxd3 49. Rbb7 Rh3+ 50. Kg2
Rxh4 51. Ng3 Rg4 52. Kf3 Rg5 53. Nf5 d3 54. Nxg7 d2 55. Rbd7 R8xg7 56. Rxg7
Rxg7 57. Rxd2 Kh7 58. Rg2 Rxg2 59. Kxg2 1/2-1/2

[Event "Munich WGP 2023"]
[Site "Munich GER"]
[Date "2023.02.09"]
[Round "7"]
[White "Abdumalik,Z"]
[Black "Tan Zhongyi"]
[Result "1/2-1/2"]
[WhiteElo "2496"]
[BlackElo "2530"]
[EventDate "2023.02.02"]

1. e4 c6 2. d4 d5 3. f3 dxe4 4. fxe4 e5 5. Nf3 Bg4 6. Bc4 Nd7 7. O-O Ngf6
8. c3 Bd6 9. a4 O-O 10. Nbd2 Bc7 11. Qe1 Bh5 12. Kh1 Re8 13. Bb3 exd4 14.
cxd4 c5 15. d5 Ne5 16. Nxe5 Rxe5 17. Bc2 Nxd5 18. Nf3 Nb4 19. Bb3 Nd3 20.
Qe3 Re8 21. Ng5 Ne5 22. Qh3 Bg6 23. Bd5 h6 24. Nf3 Nd3 25. Bxh6 Bf4 26. Nh4
Bxe4 27. Bxf7+ Kxf7 28. Bxf4 Kg8 29. Nf5 Qf6 30. Bg3 Rf8 31. Ne3 Qh6 32.
Qxh6 gxh6 33. Ng4 Kg7 34. Nf2 Nxf2+ 35. Rxf2 Rxf2 36. Bxf2 Rd8 37. Bxc5 Rd2
38. Bxa7 Rxg2 39. h4 Kh7 40. a5 h5 41. Bb6 Bc6 42. Ra3 Kg6 43. Rc3 Be4 44.
Re3 Bd5 45. Rc3 Kf6 46. Rc5 Be4 47. Bd8+ Ke6 48. Bb6 Kd6 49. Rc3 Ke5 50.
Re3 Rxb2+ 51. Kg1 Kf4 52. Rc3 Kg4 53. Rc4 Kf3 1/2-1/2

[Event "Munich WGP 2023"]
[Site "Munich GER"]
[Date "2023.02.09"]
[Round "7"]
[White "Koneru,H"]
[Black "Zhu,Jiner"]
[Result "1/2-1/2"]
[WhiteElo "2572"]
[BlackElo "2486"]
[EventDate "2023.02.02"]

1. d4 Nf6 2. c4 e6 3. Nf3 d5 4. Bg5 Bb4+ 5. Nc3 h6 6. Bxf6 Qxf6 7. e3 O-O
8. Rc1 dxc4 9. Bxc4 c5 10. O-O cxd4 11. Ne4 Qe7 12. a3 Ba5 13. exd4 Rd8 14.
Rc2 Bd7 15. Re2 Rc8 16. Qd3 Bc6 17. b4 Bb6 18. Rfe1 Qd8 19. Neg5 hxg5 20.
Rxe6 Bxf3 21. Qxf3 Qf8 22. Re8 Rxe8 23. Qxf7+ Qxf7 24. Rxe8+ Kh7 25. Bxf7
Bxd4 26. Bd5 a5 27. b5 Ra7 28. Rxb8 b6 29. Be4+ g6 30. Kf1 Rf7 31. f3 g4
32. Rd8 Bc5 33. a4 Rf6 34. Rd5 Kh6 35. Ke2 gxf3+ 36. gxf3 Rd6 37. Re5 Rd4
38. Re6 Rd6 39. Re8 Rd4 40. Bc2 Rc4 41. Kd3 Rf4 42. Ke2 Rc4 43. Kd3 Rf4 44.
Bd1 Rd4+ 45. Ke2 Kg7 46. Re4 Rxe4+ 47. fxe4 1/2-1/2

[Event "Munich WGP 2023"]
[Site "Munich GER"]
[Date "2023.02.10"]
[Round "8"]
[White "Wagner,Dinara"]
[Black "Zhu,Jiner"]
[Result "0-1"]
[WhiteElo "2414"]
[BlackElo "2486"]
[EventDate "2023.02.02"]

1. d4 Nf6 2. c4 e6 3. Nc3 Bb4 4. e3 O-O 5. Bd3 d5 6. a3 Bxc3+ 7. bxc3 dxc4
8. Bxc4 c5 9. Bd3 Nc6 10. Nf3 Qc7 11. Bb2 e5 12. dxe5 Nxe5 13. Nxe5 Qxe5
14. Qb3 b6 15. c4 Qe6 16. O-O Bb7 17. Rfe1 Rad8 18. f3 Nd7 19. Qc2 h6 20.
Bf5 Qe7 21. Rad1 Ne5 22. Qc3 f6 23. Qc2 Rxd1 24. Rxd1 Nxf3+ 25. gxf3 Qxe3+
26. Qf2 Qg5+ 27. Bg4 h5 28. Qd2 Qg6 29. Qd3 f5 30. Qd6 Qxd6 31. Rxd6 fxg4
32. Rd7 Rf7 33. Rxf7 Kxf7 34. fxg4 Ba6 35. Be5 Ke6 36. Bb8 Kd7 37. gxh5
Bxc4 38. Kf2 Bf7 39. Be5 Kc6 40. Bxg7 Kb5 41. Be5 Ka4 42. Bb8 a6 43. Ba7
Kxa3 44. Bxb6 c4 45. Ke3 c3 46. Kd3 Kb3 47. Ba5 c2 48. Bd2 a5 49. h6 Bg6+
50. Ke3 a4 0-1

[Event "Munich WGP 2023"]
[Site "Munich GER"]
[Date "2023.02.10"]
[Round "8"]
[White "Kashlinskaya,A"]
[Black "Koneru,H"]
[Result "0-1"]
[WhiteElo "2491"]
[BlackElo "2572"]
[EventDate "2023.02.02"]

1. e4 e5 2. Nf3 Nc6 3. Bc4 d6 4. O-O Be7 5. d4 Nf6 6. dxe5 Nxe5 7. Nxe5
dxe5 8. Qe2 Qd4 9. Nd2 Bg4 10. Qd3 Qxd3 11. Bxd3 O-O-O 12. Nc4 Nd7 13. Bd2
Be6 14. Bc3 Nc5 15. Nxe5 f6 16. Nf3 Nxd3 17. cxd3 Rxd3 18. Nd4 Bd7 19. Rad1
Rxd1 20. Rxd1 Rd8 21. Nf5 Bxf5 22. Rxd8+ Kxd8 23. exf5 Kd7 24. Kf1 Kc6 25.
Ke2 Kd5 26. Kd3 c5 27. b3 b5 28. g4 Bd6 29. h3 Be5 30. Be1 c4+ 31. bxc4+
bxc4+ 32. Ke3 Bd4+ 33. Ke2 Kc5 34. a4 Bb2 35. f3 a6 36. h4 Kd4 37. Bf2+ Kc3
38. g5 Kb3 39. f4 c3 40. h5 c2 41. Be3 h6 42. g6 Kc4 0-1

[Event "Munich WGP 2023"]
[Site "Munich GER"]
[Date "2023.02.10"]
[Round "8"]
[White "Paehtz,E"]
[Black "Dzagnidze,N"]
[Result "1-0"]
[WhiteElo "2464"]
[BlackElo "2517"]
[EventDate "2023.02.02"]

1. e4 c5 2. Nf3 d6 3. d4 cxd4 4. Nxd4 Nf6 5. Nc3 a6 6. Rg1 e5 7. Nb3 h5 8.
Bg5 Be6 9. Qd2 Nbd7 10. f4 Rc8 11. O-O-O b5 12. Bd3 Be7 13. Kb1 Nb6 14. Qe1
Nfd7 15. Bxe7 Qxe7 16. Ne2 Nf6 17. Qg3 Bg4 18. Rde1 Bxe2 19. Rxe2 exf4 20.
Qxf4 Qe5 21. Rf1 O-O 22. Qh4 Na4 23. c3 Rxc3 24. Rf5 Rxd3 25. Rxe5 dxe5 26.
Qe1 Rfd8 27. Rd2 Rxd2 28. Nxd2 Nb6 29. Nf3 Nc4 30. b3 Nd6 31. Ng5 Rc8 32.
Kb2 Nh7 33. Nxh7 Kxh7 34. Qd1 Nxe4 35. Qxh5+ Kg8 36. Qf5 Nd6 37. Qd7 Re8
38. Qxd6 Re6 39. Qd8+ Kh7 40. Qh4+ Kg6 41. Qg4+ Kf6 42. h4 g6 43. Qe4 Kg7
44. g4 Re8 45. Kc3 Re6 46. Kd3 Kf6 47. Ke3 Kg7 48. a3 Kf8 49. Qa8+ Kg7 50.
Ke4 b4 51. a4 Rd6 52. g5 Rd4+ 53. Kxe5 Rd3 54. Qxa6 Rxb3 55. Qf6+ Kg8 56.
h5 Re3+ 57. Kd4 Re6 58. Qd8+ Kh7 59. Qf8 1-0

[Event "Munich WGP 2023"]
[Site "Munich GER"]
[Date "2023.02.10"]
[Round "8"]
[White "Kosteniuk,A"]
[Black "Muzychuk,A"]
[Result "1-0"]
[WhiteElo "2519"]
[BlackElo "2522"]
[EventDate "2023.02.02"]

1. e4 c5 2. Nc3 Nc6 3. Bb5 Nd4 4. Bc4 e6 5. Nge2 a6 6. a4 Nf6 7. O-O d5 8.
exd5 exd5 9. Ba2 Nxe2+ 10. Qxe2+ Be7 11. d3 O-O 12. Nxd5 Nxd5 13. Bxd5 Qxd5
14. Qxe7 Be6 15. Qg5 Qxg5 16. Bxg5 f6 17. Be3 c4 18. dxc4 Bxc4 19. Rfe1 b5
20. a5 Rfe8 21. Rad1 Rad8 22. Rxd8 Rxd8 23. f3 Kf7 24. Kf2 h5 25. h4 Be6
26. Rc1 Rc8 27. Ke2 Rc4 28. g3 Rc8 29. Bd4 Re8 30. Ke3 Bd5+ 31. Kf2 Be6 32.
Rg1 Bf5 33. c3 Bc8 34. Bb6 Re7 35. Be3 Be6 36. g4 hxg4 37. fxg4 Rc7 38. g5
Rc4 39. g6+ Ke7 40. Bd4 Rc8 41. Kg3 Bd5 42. Re1+ Kd7 43. Rd1 Ke6 44. Be3
Rc4 45. Bd4 Rc8 46. Kg4 Rh8 47. h5 f5+ 48. Kg5 Rxh5+ 49. Kxh5 Bf3+ 50. Kg5
Bxd1 51. b4 Bb3 52. Bxg7 Bc4 53. Bd4 f4 54. Kxf4 Bb3 55. Kg5 Bc4 56. Kh6
Kd7 57. Kg7 Bd3 58. Kf7 1-0

[Event "Munich WGP 2023"]
[Site "Munich GER"]
[Date "2023.02.10"]
[Round "8"]
[White "Harika,D"]
[Black "Abdumalik,Z"]
[Result "1/2-1/2"]
[WhiteElo "2507"]
[BlackElo "2496"]
[EventDate "2023.02.02"]

1. d4 d5 2. c4 e6 3. Nf3 Nf6 4. Nc3 dxc4 5. e4 Bb4 6. Bxc4 Nxe4 7. O-O Nf6
8. Qa4+ Nc6 9. Bg5 Be7 10. Bxf6 Bxf6 11. d5 exd5 12. Rfe1+ Be6 13. Bxd5 O-O
14. Bxe6 fxe6 15. Rad1 Qe8 16. Qc4 Qf7 17. Qxe6 Qxe6 18. Rxe6 Rad8 19. Rb1
Nd4 20. Nxd4 Bxd4 21. Re2 Rfe8 22. Kf1 Rxe2 23. Kxe2 Re8+ 24. Kf1 Bxc3 25.
bxc3 b6 26. Rd1 Re5 27. Rd7 Rc5 28. Rd3 Kf7 29. Ke2 Ke6 30. Rg3 Kf6 31.
Rf3+ 1/2-1/2

[Event "Munich WGP 2023"]
[Site "Munich GER"]
[Date "2023.02.10"]
[Round "8"]
[White "Tan Zhongyi"]
[Black "Muzychuk,M"]
[Result "1/2-1/2"]
[WhiteElo "2530"]
[BlackElo "2523"]
[EventDate "2023.02.02"]

1. c4 c6 2. Nf3 d5 3. e3 Nf6 4. b3 Bf5 5. Bb2 e6 6. Be2 h6 7. O-O Bd6 8. d3
O-O 9. Nbd2 Nbd7 10. cxd5 exd5 11. e4 dxe4 12. dxe4 Bxe4 13. Nxe4 Nxe4 14.
Qc2 Re8 15. Rad1 Qc7 16. Bc4 Ndf6 17. Rde1 Re7 18. g3 Rae8 19. Nh4 b5 20.
Bd3 Qd7 21. Rc1 Be5 22. Ba3 Re6 23. Rcd1 Bd4 24. Nf3 c5 25. Bxe4 Nxe4 26.
Bxc5 Nxc5 27. Nxd4 Re5 28. b4 Ne4 29. Qc6 Qxc6 30. Nxc6 R5e6 31. Nxa7 Nc3
32. Rd3 Nxa2 33. Nxb5 1/2-1/2

[Event "Munich WGP 2023"]
[Site "Munich GER"]
[Date "2023.02.11"]
[Round "9"]
[White "Koneru,H"]
[Black "Paehtz,E"]
[Result "1-0"]
[WhiteElo "2572"]
[BlackElo "2464"]
[EventDate "2023.02.02"]

1. d4 Nf6 2. c4 g6 3. Nc3 Bg7 4. e4 d6 5. Be2 O-O 6. Be3 c5 7. d5 e6 8. Nf3
exd5 9. cxd5 b5 10. e5 dxe5 11. Bxc5 Re8 12. Bxb5 Nbd7 13. Be3 Ng4 14. O-O
Nxe3 15. fxe3 Rb8 16. Kh1 a6 17. Bc6 e4 18. Nd2 f5 19. Nc4 Rf8 20. d6 Kh8
21. Rc1 Nf6 22. b3 Be6 23. Nd5 Bxd5 24. Bxd5 Rb5 25. Bc6 Rc5 26. Ba4 Ng4
27. Qd2 Qh4 28. g3 Qh5 29. Rc2 Rd8 30. b4 Rcc8 31. d7 Rc7 32. Nd6 Rxc2 33.
Qxc2 Ne5 34. Nb7 Rf8 35. d8=Q Rxd8 36. Nxd8 1-0

[Event "Munich WGP 2023"]
[Site "Munich GER"]
[Date "2023.02.11"]
[Round "9"]
[White "Zhu,Jiner"]
[Black "Kashlinskaya,A"]
[Result "0-1"]
[WhiteElo "2486"]
[BlackElo "2491"]
[EventDate "2023.02.02"]

1. e4 e6 2. d4 d5 3. e5 c5 4. c3 Nc6 5. Nf3 Qb6 6. a3 c4 7. Be2 Bd7 8. h4
O-O-O 9. Nbd2 Na5 10. h5 h6 11. Rb1 Ne7 12. Nf1 Kb8 13. Bf4 g5 14. hxg6
Nxg6 15. Be3 Be7 16. Ng3 f6 17. exf6 Bxf6 18. Nh5 Be7 19. Nf4 Be8 20. Qc2
Nf8 21. Ne5 Nc6 22. Neg6 Nxg6 23. Nxg6 Bxg6 24. Qxg6 e5 25. dxe5 Bc5 26.
Bxc5 Qxc5 27. O-O Nxe5 28. Qh5 Qd6 29. f4 Nd7 30. Rbd1 Qb6+ 31. Rf2 Rde8
32. Bf3 Nf6 33. Qh4 h5 34. Rd4 Ka8 35. f5 Ng4 36. Re2 Nf6 37. Rxe8+ Rxe8
38. Kh2 a6 39. Rd2 Ng4+ 40. Bxg4 hxg4 41. Rf2 Qe3 42. Rf1 g3+ 43. Kh3 Rg8
44. Qf4 Qe7 45. Rf3 Qg7 46. Qh4 Rh8 47. Qxh8+ Qxh8+ 48. Kxg3 Qf6 49. Kf4
Kb8 50. g4 Qh4 51. Re3 Kc7 52. Re6 Kd7 53. Rg6 Qh2+ 54. Kg5 Qxb2 55. Rg7+
Ke8 56. f6 Qxc3 57. Rxb7 Qe5+ 58. Kg6 Qe4+ 59. Kh5 c3 0-1

[Event "Munich WGP 2023"]
[Site "Munich GER"]
[Date "2023.02.11"]
[Round "9"]
[White "Abdumalik,Z"]
[Black "Wagner,Dinara"]
[Result "1-0"]
[WhiteElo "2496"]
[BlackElo "2414"]
[EventDate "2023.02.02"]

1. e4 c5 2. Nf3 d6 3. d4 cxd4 4. Nxd4 Nf6 5. Nc3 a6 6. Be3 Ng4 7. Bg5 h6 8.
Bh4 g5 9. Bg3 Bg7 10. h3 Ne5 11. h4 gxh4 12. Bxh4 Ng6 13. Bg3 Nc6 14. Nxc6
bxc6 15. Bc4 Qa5 16. Qf3 Rf8 17. Bb3 Bd7 18. Rh5 Ne5 19. Bxe5 Bxe5 20.
O-O-O O-O-O 21. Rdh1 Qb6 22. Na4 Qa7 23. g3 Bd4 24. R1h2 Kc7 25. Qf4 Bg7
26. Qd2 c5 27. Qa5+ Kb8 28. Rh1 Qb7 29. Nb6 Ka7 30. Nc4 Be6 31. Na3 c4 32.
Rb5 Qc6 33. Ba4 Rc8 34. Rb4 Qc5 35. Nb5+ Kb8 36. Nc7+ Qxb4 37. Nxa6+ 1-0

[Event "Munich WGP 2023"]
[Site "Munich GER"]
[Date "2023.02.11"]
[Round "9"]
[White "Dzagnidze,N"]
[Black "Kosteniuk,A"]
[Result "1/2-1/2"]
[WhiteElo "2517"]
[BlackElo "2519"]
[EventDate "2023.02.02"]

1. d4 Nf6 2. c4 e6 3. Nc3 Bb4 4. e3 O-O 5. Bd3 d5 6. Nf3 b6 7. cxd5 exd5 8.
O-O c5 9. dxc5 bxc5 10. h3 Nc6 11. Bd2 Bb7 12. Rc1 Ba5 13. Na4 c4 14. Bb1
Rb8 15. b3 Bxd2 16. Nxd2 Qa5 17. Nf3 Rfd8 18. Nd4 Nxd4 19. exd4 cxb3 20.
axb3 Re8 21. Bd3 Qb4 22. Nc5 g6 23. Ba6 Bc6 24. Nd3 Qb6 25. Ne5 Re6 26. Qd3
Be8 27. Rc8 Qxb3 28. Qxb3 Rxb3 29. Ra1 Rb4 30. Nf3 Re7 31. Ra8 Kg7 32. Bd3
Ba4 33. Rc8 Ne4 34. Rd8 Nc3 35. Rc8 Ne4 36. Rd8 Nc3 37. Rc8 Ne4 1/2-1/2

[Event "Munich WGP 2023"]
[Site "Munich GER"]
[Date "2023.02.11"]
[Round "9"]
[White "Muzychuk,M"]
[Black "Harika,D"]
[Result "1/2-1/2"]
[WhiteElo "2523"]
[BlackElo "2507"]
[EventDate "2023.02.02"]

1. e4 e5 2. Nf3 Nc6 3. Bc4 Bc5 4. O-O Nf6 5. d3 d6 6. c3 a5 7. h3 h6 8. Re1
O-O 9. Nbd2 Be6 10. Bb5 Ba7 11. Nf1 Ne7 12. d4 Ng6 13. Ng3 Nh7 14. Be3 Ng5
15. Nxg5 hxg5 16. d5 Bc8 17. Nf5 Nh4 18. Nxh4 gxh4 19. Qh5 Bxe3 20. fxe3 a4
21. Rf1 Ra5 22. Bd3 Bd7 23. Rf3 Be8 24. g3 f5 25. Qxh4 Qxh4 26. gxh4 fxe4
27. Rxf8+ Kxf8 28. Bxe4 Rb5 29. Rf1+ Ke7 30. Rf2 a3 31. b3 c6 32. c4 Rb4
33. Rg2 Kf6 34. Rd2 c5 35. Rf2+ Ke7 36. Rg2 Kf6 37. Rf2+ Ke7 38. Rg2 Kf6
39. Rf2+ 1/2-1/2